Регионална библиотека "Любен Каравелов" - Русе

Нощен патрул (Запис номер 348967)

MARC детайли
000 -Лидер
Контролно поле с фиксирана дължина 01212nam a2200325 c 4500
003 - Код на организацията, давaща контролен номер
Контролно поле BLK
005 - Дата и час на последна редакция
Контролно поле 20250630145143.0
008 - Елементи от данни с фиксирана дължина
fixed length control field 180409b bul|||||r ||||||| ||bul||
010 ## - Наследен системен номер
LC control number KNG00143342000
020 ## - Международен стандартен номер на книга ISBN
Международен стандартен номер на книга ISBN 9789542831242
040 ## - Източник на каталожния запис
Идентификатор на билиотеката - собственик на записа BLK
041 ## - Код за език
Код за езика на текст/звукозапис или на отделно заглавие Български
Код за езика КДБФ Български
080 ## - УДК
Текстов определител УДК Руска литература
УДК код - определител по УДК 821.161.1
УДК определител -312.9
УДК - код + определител 821.161.1-312.9
100 1# - Редна дума - Автор
Автор Лукяненко, Сергей Василиевич
Авторска отговорност първи автор
R(LIN) 89889
139 ## - Редно поле
Редна дума Лукяненко, Сергей Василиевич
Авторски знак Лук - Л 86
245 10 - Сведения за заглавието
Заглавие Нощен патрул
Подзаглавни данни Роман
Редно поле (дума) Сергей Василиевич Лукяненко; прев. от рус. Васил Велчев.
250 ## - Област на изданието
Сведения за изданието 3. изд.
257 ## - Страна на издаване
Страна на създаване/издаване Русия
260 ## - Област на издателските данни
Място на издаване, разпространение и проч. София
Име на издателя, разпространителя и проч. Сиела Норма
Година на издаване 2019
9 (RLIN) 217021
Издателство - префикс ISBN 978-954-28-
300 ## - Физическа характеристика
Страници 466 с.
Размери/Мащаб 21 см
380 ## - Жанр
Жанр Худож. лит.
500 ## - Общи забележки
Забележка Ориг. загл. Новый дозор / Сергей Лукьяненко.
700 1# - Други автори (авторска отговорност)
Лично име Велчев, Васил
Автороска отговорност (Описва отношението между автора и произведението) прев. от рус.
9 (RLIN) 371331
852 ## - Местоположение
Фондова буква Заемна - подръчен фонд
Систематично-азбучна сигнатура 882/Л 86 С
856 ## - Електронен адрес и достъп
Инструкция (цена за достъп) 0.00
Права за достъп disable
999 ## - СИСТЕМНИ КОНТРОЛНИ НОМЕРА
Koha biblionumber 348967
Koha biblioitemnumber 348967
942 ## - АРТИКУЛИ
Вид на библиотечния материал Книги
Скрит в OPAC Не
Koha issues (borrowed), all copies 25
Периодичен библиозапис Да
999 ## - СИСТЕМНИ КОНТРОЛНИ НОМЕРА
Koha biblioitemnumber 348967
999 ## - СИСТЕМНИ КОНТРОЛНИ НОМЕРА
Koha biblioitemnumber 348967
944 ## - СЪЗДАВАНЕ И РЕДАКЦИЯ на ЗАПИСА
Служител, извършил регистрацията/редакцията 30531
Статус, дата на статуса Цветелина Шанова
Наличности
Код за отписване Код за изгубен артикул Източник на класификационната схема Код за повреда Код за отдаване Артикулен № Име на библиотеката - собственик Име на библиотеката, в която се намира в момента Статус (Текущо местоположение) Дата на вписване в системата Местоположение - отдел Цена в лева Систематично азбучна сигнатура Баркод Цена в евро Служебен тип на артикула
  Не е изгубен Universal Decimal Classification Не е повреден заемане за дома 756296 Регионална библиотека "Любен Каравелов" Русе Регионална библиотека "Любен Каравелов" Русе Заемна - подръчен фонд 2020-03-10 Заемна - подръчен фонд 9.00 882/Л 86 С 120000843129 4.60 Книги
  Не е изгубен Universal Decimal Classification Не е повреден заемане за дома 756297 Регионална библиотека "Любен Каравелов" Русе Регионална библиотека "Любен Каравелов" Русе Заемна - подръчен фонд 2020-03-10 Заемна - подръчен фонд 9.00 882/Л 86 С 120000843130 4.60 Книги
Vip Innovations Ltd, Rousse, Bulgaria 2025